Syllabes en vrac - Spécial "Pays" - Statistiques

Statistiques générales
  • Ce quiz a été pris 183 fois
    146 depuis la dernière actualisation
  • Le résultat moyen est 31 sur 36
Statistiques - réponses
Syllabes Pays % Correct
FRA France
100%
NCE France
100%
TRA Australie
99%
AUS Australie
99%
LIE Australie
99%
ELA Venezuela
97%
EZU Venezuela
97%
VEN Venezuela
97%
DOM Dominique
94%
QUE Dominique
94%
INI Dominique
94%
SIL Brésil
93%
BRE Brésil
93%
LI Belize
83%
BE Belize
83%
ZE Belize
83%
YP Égypte
82%
TE Égypte
82%
EG Égypte
82%
NZ Tanzanie
82%
AN Tanzanie
82%
IE Tanzanie
82%
TA Tanzanie
82%
IN Inde
81%
DE Inde
81%
LA Palaos
79%
PA Palaos
79%
OS Palaos
79%
PO Portugal
79%
RT Portugal
79%
AL Portugal
79%
UG Portugal
79%
IE Malaisie
71%
IS Malaisie
71%
MA Malaisie
71%
LA Malaisie
71%
Aucun quiz correspondant
Distribution des résultats
% des personnes avec chaque résultat
Percentile par nombre de réponses
Votre historique - résultats
Vous n’avez pas pris ce quiz depuis la dernière actualisation